5HLuxD.jpg

KING HENRY VIII SENIOR AND PRIMARY SCHOOL LIBRARY OPAC

English as a second language for Cambridge IGCSE® : (Record no. 2738)

000 -LEADER
fixed length control field 01725nam a2200445 i 4500
001 - CONTROL NUMBER
control field 019675459
003 - CONTROL NUMBER IDENTIFIER
control field UkOxU
005 - DATE AND TIME OF LATEST TRANSACTION
control field 20230818102323.0
006 - FIXED-LENGTH DATA ELEMENTS--ADDITIONAL MATERIAL CHARACTERISTICS
fixed length control field m m
007 - PHYSICAL DESCRIPTION FIXED FIELD--GENERAL INFORMATION
fixed length control field co mg ---muuuu
008 - FIXED-LENGTH DATA ELEMENTS--GENERAL INFORMATION
fixed length control field 131009s2014 enka 000 0 eng d
015 ## - NATIONAL BIBLIOGRAPHY NUMBER
National bibliography number GBB398668
Source bnb
020 ## - INTERNATIONAL STANDARD BOOK NUMBER
International Standard Book Number 9780198392897
Qualifying information Teacher resource pack
035 ## - SYSTEM CONTROL NUMBER
System control number (Uk)016529440
035 ## - SYSTEM CONTROL NUMBER
System control number (StEdALDL)1/3122257
040 ## - CATALOGING SOURCE
Original cataloging agency StDuBDS
Language of cataloging eng
Description conventions rda
Transcribing agency StDuBDS
Modifying agency UkOxU
-- KH8
049 ## - LOCAL HOLDINGS (OCLC)
Holding library CROBAR
082 04 - DEWEY DECIMAL CLASSIFICATION NUMBER
Classification number 428.24 AKH
100 1# - MAIN ENTRY--PERSONAL NAME
Personal name Akhurst, Chris,
Relator term author.
245 10 - TITLE STATEMENT
Title English as a second language for Cambridge IGCSE® :
Remainder of title Teacher Resource Pack /
Statement of responsibility, etc. Chris Akhurst, Lucy Bowley, Brian Dyer, Dean Roberts.
264 #1 - PRODUCTION, PUBLICATION, DISTRIBUTION, MANUFACTURE, AND COPYRIGHT NOTICE
Place of production, publication, distribution, manufacture Oxford :
Name of producer, publisher, distributor, manufacturer Oxford University Press,
Date of production, publication, distribution, manufacture, or copyright notice 2014.
264 #4 - PRODUCTION, PUBLICATION, DISTRIBUTION, MANUFACTURE, AND COPYRIGHT NOTICE
Date of production, publication, distribution, manufacture, or copyright notice ©2014
300 ## - PHYSICAL DESCRIPTION
Extent 216 pages :
Other physical details illustrations ;
Dimensions 28 cm.
336 ## - CONTENT TYPE
Content type term text
Source rdacontent
337 ## - MEDIA TYPE
Media type term unmediated
Source rdamedia
337 ## - MEDIA TYPE
Media type term computer
Source rdamedia
338 ## - CARRIER TYPE
Carrier type term volume
Source rdacarrier
338 ## - CARRIER TYPE
Carrier type term computer disc
Source rdacarrier
347 ## - DIGITAL FILE CHARACTERISTICS
File type text file
Source rda
500 ## - GENERAL NOTE
General note "Endorsed by Cambridge International Examinations"--cover of Workbook.
500 ## - GENERAL NOTE
General note Student book and Workbook each accompanied by CD-ROM in pocket attached to inside front cover.
500 ## - GENERAL NOTE
General note Evaluation pack contains Student book, Workbook and Teacher resource pack advance material.
505 0# - FORMATTED CONTENTS NOTE
Formatted contents note Student book -- Workbook -- Teacher resource pack -- Evaluation pack.
650 #0 - SUBJECT ADDED ENTRY--TOPICAL TERM
Topical term or geographic name entry element English language
Form subdivision Textbooks for foreign speakers.
700 1# - ADDED ENTRY--PERSONAL NAME
Personal name Bowley, Lucy,
Relator term author.
700 1# - ADDED ENTRY--PERSONAL NAME
Personal name Dyer, Brian,
Relator term author.
700 1# - ADDED ENTRY--PERSONAL NAME
Personal name Roberts, Dean,
Relator term author.
710 2# - ADDED ENTRY--CORPORATE NAME
Corporate name or jurisdiction name as entry element University of Cambridge.
Subordinate unit Local Examinations Syndicate.
-- International Examinations.
942 ## - ADDED ENTRY ELEMENTS (KOHA)
Source of classification or shelving scheme
Koha item type Teaching Resources
Holdings
Withdrawn status Lost status Source of classification or shelving scheme Damaged status Not for loan Collection code Permanent Location Current Location Shelving location Date acquired Total Checkouts Full call number Barcode Date due Date last seen Date last checked out Price effective from Koha item type
          Teaching Resources KH8 Senior School Library KH8 Senior School Library Staff Office 2023-08-18 1 428.24 AKH TRKHSL002120 2025-07-04 2024-11-07 2024-11-07 2023-08-18 Teaching Resources

Powered By KH8 IT Dept